El futuro bibliotecario : (Registro nro. 22791)
[ vista simple ]
| 000 -CABECERA | |
|---|---|
| campo de control de longitud fija | 00641nam a2200193 a 4500 |
| 001 - NÚMERO DE CONTROL | |
| campo de control | 000023294 |
| 005 - FECHA Y HORA DE LA ÚLTIMA TRANSACCIÓN | |
| campo de control | 20200930022123.0 |
| 008 - DATOS DE LONGITUD FIJA--INFORMACIÓN GENERAL | |
| campo de control de longitud fija | 101201s2004 ag a r 000 | spa d |
| 020 ## - NÚMERO INTERNACIONAL ESTÁNDAR DEL LIBRO | |
| Número Internacional Estándar del Libro | 9879350138 |
| 040 ## - FUENTE DE LA CATALOGACIÓN | |
| Centro catalogador/agencia de origen | DO-SdBNP |
| Lengua de catalogación | spa |
| Centro/agencia transcriptor | BNPHU |
| 082 ## - NÚMERO DE LA CLASIFICACIÓN DECIMAL DEWEY | |
| Número de clasificación | xxx |
| Número de documento/Ítem | C336f |
| 049 ## - FONDOS LOCALES (OCLC) | |
| Fondos de biblioteca | BNGR |
| 245 13 - MENCIÓN DE TÍTULO | |
| Título | El futuro bibliotecario : |
| Resto del título | hacia una renovación del ideal humanista en la tarea bibliotecaria / |
| Mención de responsabilidad, etc. | Roberto Casazza. |
| 260 ## - PUBLICACIÓN, DISTRIBUCIÓN, ETC. | |
| Lugar de publicación, distribución, etc. | Buenos Aires : |
| Nombre del editor, distribuidor, etc. | Biblioteca Nacional, |
| Fecha de publicación, distribución, etc. | 2004. |
| 300 ## - DESCRIPCIÓN FÍSICA | |
| Extensión | 99 p. : |
| -- | il. ; |
| Dimensiones | 20 cm. |
| 440 #0 - MENCIÓN DE SERIE/PUNTO DE ACCESO ADICIONAL--TÍTULO | |
| Título | Ensayos y Debates, |
| Designación de volumen o secuencia | 1 |
| 9 (RLIN) | 27400 |
| 500 ## - NOTA GENERAL | |
| Nota general | Incluye noatas al pie de páginas |
| 830 #0 - PUNTO DE ACCESO ADICIONAL DE SERIE-TÍTULO UNIFORME | |
| Título uniforme | Ensayos y Debates, |
| Designación de volumen o secuencia | 1 |
| 9 (RLIN) | 27400 |
| Estado de retiro | Estado de pérdida | Restricciones de uso | No para préstamo | Código de colección | Localización permanente | Ubicación/localización actual | Ubicación en estantería | Fecha de adquisición | Número de inventario | Total de préstamos | Signatura topográfica completa | Código de barras | Fecha visto por última vez | Precio válido a partir de | Tipo de ítem Koha |
|---|---|---|---|---|---|---|---|---|---|---|---|---|---|---|---|
| Excluido de préstamo | Monografías: Libros y Folletos | General | General | En catalogación | 01.12.2010 | LF1 | xxx C336f | 23294-10 | 25.06.2020 | 25.06.2020 | No se presta |
